<?xml version="1.0" encoding="UTF-8"?>
<collection xmlns="http://www.loc.gov/MARC21/slim">
<record>
  <controlfield tag="001">112313</controlfield>
  <controlfield tag="005">20220510092000.0</controlfield>
  <datafield tag="037" ind1=" " ind2=" ">
    <subfield code="a">TAZ-TFG-2021-4779</subfield>
  </datafield>
  <datafield tag="041" ind1=" " ind2=" ">
    <subfield code="a">spa</subfield>
  </datafield>
  <datafield tag="100" ind1="1" ind2=" ">
    <subfield code="a">Adrados Pérez, Mario</subfield>
  </datafield>
  <datafield tag="242" ind1="0" ind2="0">
    <subfield code="a">Circular Economy applied in the supply chain.</subfield>
  </datafield>
  <datafield tag="245" ind1="0" ind2="0">
    <subfield code="a">La Economía Circular en la cadena de suministro.</subfield>
  </datafield>
  <datafield tag="260" ind1=" " ind2=" ">
    <subfield code="a">Zaragoza</subfield>
    <subfield code="b">Universidad de Zaragoza</subfield>
    <subfield code="c">2021</subfield>
  </datafield>
  <datafield tag="506" ind1=" " ind2=" ">
    <subfield code="a">by-nc-sa</subfield>
    <subfield code="b">Creative Commons</subfield>
    <subfield code="c">3.0</subfield>
    <subfield code="u">http://creativecommons.org/licenses/by-nc-sa/3.0/</subfield>
  </datafield>
  <datafield tag="520" ind1=" " ind2=" ">
    <subfield code="a">Este trabajo muestra el estudio de la economía circular y los procesos asociados a ella, directamente relacionados con la cadena de suministro. Para ello, primero se ha hecho una revisión de las diferentes definiciones de la economía circular y los marcos de referencia disponibles de este nuevo concepto, para a continuación, hacer un análisis de empresas que la están introduciendo en su hoja de ruta. A lo largo de todo el trabajo se aportan datos y razones de la necesidad de abandonar el modelo productivo lineal, para iniciar un nuevo camino caracterizado por su sostenibilidad y también, por el crecimiento económico y la aportación de valor que muchos estudios afirman. También se hacen comparaciones entre las cadenas de suministro de ambos modelos, donde como principal novedad, en la cadena de suministro circular, el peso de la logística inversa se iguala al de la logística directa, al contrario que en el modelo lineal donde ésta última tiene todo el protagonismo. Además, se propone una categorización de la economía circular y una serie de indicadores útiles para cualquier empresa que quiera medir su progreso, así como una hoja de ruta para facilitar y fomentar su introducción en el ámbito empresarial. Por otro lado, se han expuesto las principales barreras que existen a día de hoy para dar el salto que, en función de la velocidad de desarrollo de la Industria 4.0, uno de los principales drivers de la puesta en marcha de la economía circular, se lograrán superar en más o menos tiempo.&lt;br /></subfield>
  </datafield>
  <datafield tag="521" ind1=" " ind2=" ">
    <subfield code="a">Graduado en Ingeniería de Tecnologías Industriales</subfield>
  </datafield>
  <datafield tag="540" ind1=" " ind2=" ">
    <subfield code="a">Derechos regulados por licencia Creative Commons</subfield>
  </datafield>
  <datafield tag="700" ind1=" " ind2=" ">
    <subfield code="a">Lambán Castillo, María Pilar</subfield>
    <subfield code="e">dir.</subfield>
  </datafield>
  <datafield tag="710" ind1="2" ind2=" ">
    <subfield code="a">Universidad de Zaragoza</subfield>
    <subfield code="b">Ingeniería de Diseño y Fabricación</subfield>
    <subfield code="c">Ingeniería de los Procesos de Fabricación</subfield>
  </datafield>
  <datafield tag="856" ind1="0" ind2=" ">
    <subfield code="f">721759@unizar.es</subfield>
  </datafield>
  <datafield tag="856" ind1="4" ind2=" ">
    <subfield code="s">1282466</subfield>
    <subfield code="u">http://zaguan.unizar.es/record/112313/files/TAZ-TFG-2021-4779.pdf</subfield>
    <subfield code="y">Memoria (spa)</subfield>
  </datafield>
  <datafield tag="909" ind1="C" ind2="O">
    <subfield code="o">oai:zaguan.unizar.es:112313</subfield>
    <subfield code="p">driver</subfield>
    <subfield code="p">trabajos-fin-grado</subfield>
  </datafield>
  <datafield tag="950" ind1=" " ind2=" ">
    <subfield code="a"></subfield>
  </datafield>
  <datafield tag="980" ind1=" " ind2=" ">
    <subfield code="a">TAZ</subfield>
    <subfield code="b">TFG</subfield>
    <subfield code="c">EINA</subfield>
  </datafield>
  <datafield tag="999" ind1=" " ind2=" ">
    <subfield code="a">20211126194815.CREATION_DATE</subfield>
  </datafield>
  <datafield tag="951" ind1=" " ind2=" ">
    <subfield code="a">deposita:2022-05-10</subfield>
  </datafield>
</record>
</collection>